000 00590nam a22000977a 4500
008 161031b xxu||||| |||| 00| 0 eng d
100 _aLeralle, Andre
245 _aLes marques postales francaises de Hambourg pendant l'Occupation Napoleonienne 1806-1814
260 _aAmiens, France
_bYvert & Cie
_c1946
650 _aFrance -- History -- Consulate and Empire, 1799-1815 | France | Germany | Hamburg | German States | Postal Markings | 1806-1814 | 19th Century | Postal History | Fee Paid Mail | Pre-adhesive Covers | Military Conflicts | Military Mail | Napoleon I, Emperor of the French, 1769-1815
999 _c2078
_d2078